| 000 | 00346nam a2200133Ia 4500 | ||
|---|---|---|---|
| 008 | 210210b1969 xxu||||| |||| 00| 0 eng d | ||
| 082 | _a301 BEAI | ||
| 100 | _aBEALS (Ralph L) and HOIJER (Harry). | ||
| 245 | _aIntroduction to anthropology. | ||
| 260 |
_aNY _bMacmillan & Co. Ltd. _c1969 |
||
| 300 | _a788 | ||
| 690 | _aSociology | ||
| 906 | _a027891 | ||
| 999 |
_c79159 _d79159 |
||